| 000 | 00558nam a2200145Ia 4500 | ||
|---|---|---|---|
| 008 | 100204s9999 xx 000 0 und d | ||
| 082 | _b22968 | ||
| 100 | _aधामणकर श्रीधर बा. | ||
| 245 | _aन्यायदेवता आंधळी नाही | ||
| 260 |
_b"ललित वैभव प्रकाशन , पुणे" _c1968 |
||
| 300 | _a114 | ||
| 630 | _aन्यायदेवता आंधळी नाही | ||
| 730 | _aन्यायदेवता आंधळी नाही | ||
| 942 | _cBOOK | ||
| 999 |
_c468077 _d468074 |
||